EIB Investment Report 2019/2020 : accelerating Europe's transformation (Record no. 89895)

MARC details
000 -LEADER
fixed length control field 01539nam a2200205Ia 4500
000 - LEADER
fixed length control field 01962naaa 00253uu
001 - CONTROL NUMBER
control field https://directory.doabooks.org/handle/20.500.12854/64146
008 - FIXED-LENGTH DATA ELEMENTS--GENERAL INFORMATION
fixed length control field 211013s9999 xx 000 0 und d
024 ## - OTHER STANDARD IDENTIFIER
Standard number or code https://doi.org/10.2867/68943
042 ## - AUTHENTICATION CODE
Authentication code dc
100 1# - MAIN ENTRY--PERSONAL NAME
Personal name European Investment Bank
245 #0 - TITLE STATEMENT
Title EIB Investment Report 2019/2020 : accelerating Europe's transformation
260 ## - PUBLICATION, DISTRIBUTION, ETC.
Name of publisher, distributor, etc. European Investment Bank
Date of publication, distribution, etc. 2019
520 ## - SUMMARY, ETC.
Summary, etc. The Investment Report, issued annually by the European Investment Bank, provides a comprehensive overview and analysis of investment and the financing of investment in the European Union. It combines the exploration of investment trends with in-depth analysis, focusing especially on the drivers and barriers to investment activity. The report leverages on a unique set of databases and survey data, including EIBIS, an annual survey of 12 500 firms in Europe, which focuses on their assessment of investment and investment finance conditions, and which allows analysis with firm balance sheet information. The report provides critical inputs to policy debates on the need for public action on investment, and on the types of intervention that can have the greatest impact.
540 ## - TERMS GOVERNING USE AND REPRODUCTION NOTE
Terms governing use and reproduction Creative Commons
653 ## - INDEX TERM--UNCONTROLLED
Uncontrolled term Business & Economics
856 ## - ELECTRONIC LOCATION AND ACCESS
Uniform Resource Identifier <a href="https://docs.google.com/spreadsheets/d/1yKIrdCPDAG_9c22mwoOIO2DOhtj65Wqa/edit?usp=sharing&ouid=106555315294820607512&rtpof=true&sd=true ">https://docs.google.com/spreadsheets/d/1yKIrdCPDAG_9c22mwoOIO2DOhtj65Wqa/edit?usp=sharing&ouid=106555315294820607512&rtpof=true&sd=true </a>
Link text List of Curated E-Books
942 ## - ADDED ENTRY ELEMENTS (KOHA)
Koha item type E-Book

No items available.

University of Rizal System
Email us at univlibservices@urs.edu.ph

Visit our Website www.urs.edu.ph/library